| 000 | 00550nam a2200145Ia 4500 | ||
|---|---|---|---|
| 999 |
_c22816 _d22816 |
||
| 082 | _aRB.0276 | ||
| 100 |
_aBabu, Nandita _uDepartment of Psychology, University of Delhi _vDelhi, India |
||
| 245 | 0 |
_aWays of Explaining Behavior _b:an attempt to evaluate theory of mind perspective in cultural context |
|
| 260 | _aDelhi, India | ||
| 300 | _a201p | ||
| 504 | _aIncluding References | ||
| 536 | _aIndian Council of Social Science Research, New Delhi | ||
| 650 |
_aHuman biology--Social aspects _vbehaviour science _vhuman behaviour |
||
| 942 |
_cRP _2ddc |
||